Score 0/20 Timer 05:00
0 Plays Today
% Correct
Gremlins
69.7%
Happy Gilmore
68%
Room
66.7%
Star Wars: Episode IV - A New Hope
66.3%
Shaun of the Dead
61.2%
Despicable Me
60.4%
The Great Wall
60.3%
How the Grinch Stole Christmas
60.3%
One Hundred and One Dalmatians
59%
Monty Python's Life of Brian
56.6%
% Correct
Romancing the Stone
55.8%
Crocodile Dundee
53.8%
Tangled
53.1%
Stand by Me
52.6%
Cars
47.4%
Interstellar
46.9%
Labyrinth
44.1%
Apollo 13
41.6%
Dances with Wolves
40.2%
Idiocracy
35.1%
Remove Ads.
Support Sporcle.
Get the best of Sporcle when you Go Orange. This ad-free experience offers more features, more stats, and more fun while also helping to support Sporcle. Thank you for becoming a member.

You're not logged in!

Compare scores with friends on all Sporcle quizzes.
OR
Log In

Show Comments

Extras

Top Quizzes Today


Score Distribution

Your Account Isn't Verified!

In order to create a playlist on Sporcle, you need to verify the email address you used during registration. Go to your Sporcle Settings to finish the process.

Report this User

Report this user for behavior that violates our Community Guidelines.

Details: